000 00259nam a2200109Ia 4500
008 191201s2012 xx 000 0 und d
100 _aGILL,P S
245 0 _aEngineering Drawing
260 _c2012
_bS.K.Kataria
_aNEW DELHI
300 _a678
942 _2ddc
_cBK
_04
999 _c8082
_d8082